000 00613nam a2200217Ii 4500
003 JO-AjNU
008 230606s9999||||xx |||||||||||||| ||und||
020 _a0-13-043265-3
040 _aJO-AjNU
_beng
_erda
_cJO-AjNU
041 _aeng
050 1 4 _aQA76.9.S88.K45.2002
100 3 _aKendall,
_eauthor
_93542
245 0 0 _aSestems Analaysis and Design
250 _a1 ed
264 3 1 _aPrintic-hall International:London,2007
300 _a914p
336 _atext
_btxt
_2rdacontent
337 _aunmediated
_bn
_2rdamedia
338 _avolume
_bnc
_2rdacarrier
650 4 _aSestems Analaysis and Design
_93543
999 _aE1849
_c1849
_d1849